Logo Biblioteca

Ilusiones / (Registro nro. 1014)

Detalles MARC
000 -LEADER
fixed length control field 00931nam a22002177a 4500
003 - CONTROL NUMBER IDENTIFIER
control field AR-RoUNCS
005 - DATE AND TIME OF LATEST TRANSACTION
control field 20260513124705.0
007 - PHYSICAL DESCRIPTION FIXED FIELD--GENERAL INFORMATION
fixed length control field ta
008 - FIXED-LENGTH DATA ELEMENTS--GENERAL INFORMATION
fixed length control field 260513s2001 sp ||||r|||| 00| f spa d
020 ## - INTERNATIONAL STANDARD BOOK NUMBER
International Standard Book Number 8466302409
040 ## - CATALOGING SOURCE
Original cataloging agency AR-RoUNCS
Language of cataloging spa
Transcribing agency AR-RoUNCS
041 1# - LANGUAGE CODE
Language code of text/sound track or separate title spa
Language code of original eng
100 1# - MAIN ENTRY--PERSONAL NAME
Personal name Bach, Richard,
Dates associated with a name 1936-
Relator term autor
245 10 - TITLE STATEMENT
Title Ilusiones /
Statement of responsibility, etc. Richard Bach.
260 ## - PUBLICATION, DISTRIBUTION, ETC.
Place of publication, distribution, etc. Madrid :
Name of publisher, distributor, etc. Punto de lectura,
Date of publication, distribution, etc. c2001.
300 ## - PHYSICAL DESCRIPTION
Extent 191 p. :
Other physical details ils. ;
Dimensions 18 cm.
520 ## - SUMMARY, ETC.
Summary, etc. Ilusiones es una novela del escritor y piloto Richard Bach. Publicada por primera vez en 1977, la historia cuestiona la percepción que el lector tiene de la realidad, sugiriendo que lo que llamamos realidad es simplemente una ilusión que creamos para aprender y disfrutar. Ilusiones fue la continuación de Juan Salvador Gaviota, publicada en 1970.
650 #7 - SUBJECT ADDED ENTRY--TOPICAL TERM
Source of heading or term embne
Topical term or geographic name entry element Literatura norteamericana
655 #7 - INDEX TERM--GENRE/FORM
Source of term embne
Genre/form data or focus term Novela corta
942 ## - ADDED ENTRY ELEMENTS (KOHA)
Source of classification or shelving scheme Universal Decimal Classification
Koha item type Obra General
Suppress in OPAC No
Existencias
Withdrawn status Lost status Source of classification or shelving scheme Damaged status Not for loan Collection Home library Current library Date acquired Source of acquisition Total checkouts Full call number Barcode Date last seen Price effective from Koha item type
    Universal Decimal Classification     Colección General Biblioteca Escuela de Ciencias Sociales Biblioteca Escuela de Ciencias Sociales 13/05/2026 Donación 2026   82-32(73) B118 000969 13/05/2026 13/05/2026 Obra General
Biblioteca de la Escuela Preuniversitaria en Ciencias Sociales y Humanísticas.
Riobamba 250 bis.
CP 2000 - Rosario - Santa Fe
E-Mail: biblioteca@esociales.unr.edu.ar